[Event "Druzynowe Mistrzostw Polski Juniorow - II Liga"]
[Site "Wroclaw"]
[Date "1899-12-30"]
[Round "4.23"]
[White "Grzesik, Nikola"]
[Black "Pudelko, Magdalena"]
[Result "1/2-1/2"]
[WhiteTitle "I"]
[BlackTitle "I++"]
[WhiteElo "1452"]
[BlackElo "1461"]

1. c4 e5 2. Nc3 Nf6 3. g3 Nc6 4. Bg2 b6 5. e3 Bb7 6. Nge2 Na5 7. Bxb7 Nxb7 8. d4
exd4 9. exd4 Be7 10. O-O O-O 11. Nf4 Re8 12. b3 c6 13. d5 Qc7 14. Bb2 Nc5 15.
Qf3 Bd6 16. Nh5 Nxh5 17. Qxh5 Nd3 18. Rab1 Nxb2 19. Rxb2 Be5 20. Rc2 Bxc3 21.
Rxc3 Re5 22. Qf3 Rae8 23. dxc6 Qxc6 24. Qxc6 dxc6 25. Rc2 Kf8 26. Rd2 Ke7 27.
Kg2 Re6 28. Rfd1 Kf6 29. Rd7 R8e7 30. Kf3 h6 31. R1d2 Re5 32. R2d6+ R5e6 33. Rd2
Re5 34. Ke4 1/2-1/2

[Event "Druzynowe Mistrzostw Polski Juniorow - II Liga"]
[Site "Wroclaw"]
[Date "1899-12-30"]
[Round "4.24"]
[White "Walerjan, Ada"]
[Black "Sliwicka, Weronika"]
[Result "0-1"]
[WhiteTitle "I"]
[BlackTitle "I"]
[WhiteElo "1275"]
[BlackElo "1281"]

1. e4 c5 2. Nf3 e6 3. d4 cxd4 4. Nxd4 a6 5. Nc3 Qc7 6. Bd3 Nf6 7. O-O d6 8. Re1
Nbd7 9. Be3 b5 10. a3 Bb7 11. Nb3 Rd8 12. f4 Nc5 13. Nxc5 dxc5 14. Qf3 c4 15.
Bf1 Bc5 16. Bxc5 Qxc5+ 17. Qe3 Qxe3+ 18. Rxe3 Rd2 19. e5 Nd5 20. Nxd5 Bxd5 21.
Re2 Rd4 22. g3 Bb7 23. Ree1 O-O 24. Rad1 Rfd8 25. Rxd4 Rxd4 26. Kf2 h5 27. Re2
Kh7 28. Bg2 Bxg2 29. Kxg2 Kg6 30. Kf3 Rd1 31. Ke4 h4 32. Kf3 Rb1 33. c3 hxg3 34.
hxg3 Rf1+ 35. Kg4 Rd1 36. Kf3 Rd3+ 37. Kg4 a5 38. Rf2 f5+ 39. Kh4 Rd1 40. Kh3
Kh5 41. Rh2 Rg1 42. Rd2 Rh1+ 43. Kg2 Rb1 44. Kh3 Rh1+ 45. Kg2 Re1 46. Kf2 Rh1
47. Kg2 Rb1 48. Kh3 g5 49. Rf2 Rd1 50. Re2 gxf4 51. gxf4 Rd3+ 52. Kg2 Kg4 53.
Rf2 0-1

[Event "Druzynowe Mistrzostw Polski Juniorow - II Liga"]
[Site "Wroclaw"]
[Date "1899-12-30"]
[Round "4.25"]
[White "Maciaszek, Karol"]
[Black "Kolodziejski, Piotr"]
[Result "0-1"]
[WhiteTitle "I"]
[BlackTitle "k"]
[WhiteElo "1695"]
[BlackElo "2107"]

1. e4 c5 2. Nf3 e6 3. d4 cxd4 4. Nxd4 Nc6 5. Nc3 Qc7 6. Be3 a6 7. g3 Nf6 8. Bg2
h5 9. Nf3 Bb4 10. Qd3 Ng4 11. Bf4 d6 12. Rd1 Nce5 13. Nxe5 Nxe5 14. Bxe5 dxe5
15. O-O Bd7 16. Qf3 Bxc3 17. bxc3 Rc8 18. c4 f6 19. Qd3 Ke7 20. c5 Rhd8 21. Qd6+
Kf7 22. Bh3 g5 23. Bxe6+ Bxe6 24. Qxc7+ Rxc7 25. Rxd8 Rxc5 26. Rb1 b5 27. Rb2
a5 28. Rb8 Bc4 29. f3 a4 30. a3 Rc7 31. Rd8 Ke7 32. Rh8 Ke6 33. Rxh5 Rd7 34. h4
Rd1+ 35. Kg2 gxh4 36. Rxh4 Ra1 37. f4 Rxa3 38. f5+ Kd6 39. Rh6 Rc3 40. Rxf6+ Kc5
41. g4 a3 42. Rb1 Rxc2+ 43. Kh3 a2 44. Ra1 b4 45. Rf8 b3 46. Rc8+ Kd4 47. Rd8+
Kxe4 48. f6 b2 49. Re1+ Kf4 50. Rc8 b1=Q 51. Rxc4+ Rxc4 52. f7 Qh7+ 0-1

[Event "Druzynowe Mistrzostw Polski Juniorow - II Liga"]
[Site "Wroclaw"]
[Date "1899-12-30"]
[Round "4.26"]
[White "Kejna, Piotr"]
[Black "Kucharski, Sylwester"]
[Result "1-0"]
[WhiteTitle "CM"]
[BlackTitle "I"]
[WhiteElo "1970"]
[BlackElo "1441"]

1. e4 b6 2. d4 Bb7 3. Bd3 Nf6 4. Qe2 e6 5. Nf3 d5 6. e5 Nfd7 7. Ng5 Be7 8. Qg4
g6 9. h4 h5 10. Qf3 Bxg5 11. Bxg5 Qc8 12. Bb5 Bc6 13. Qa3 f6 14. exf6 Rh7 15.
Bd3 Nf8 16. Bh6 Kf7 17. Bxf8 Bb5 18. Qe7+ Kg8 19. Bg7 1-0

[Event "Druzynowe Mistrzostw Polski Juniorow - II Liga"]
[Site "Wroclaw"]
[Date "1899-12-30"]
[Round "4.27"]
[White "Rajlich, Vaclav"]
[Black "Komendecki, Antoni"]
[Result "0-1"]
[WhiteTitle "II"]
[BlackTitle "I++"]
[WhiteElo "1326"]
[BlackElo "1880"]

1. e4 c5 2. Nc3 d6 3. f4 a6 4. a4 Nc6 5. Bc4 g6 6. d3 Bg7 7. Nge2 e6 8. O-O Nge7
9. Bb3 O-O 10. Kh1 Rb8 11. g4 b5 12. axb5 axb5 13. Ng3 Nd4 14. Nce2 Nxb3 15. cxb3
f5 16. g5 Bb7 17. Be3 Qc7 18. Kg1 Bxb2 19. Ra2 Bg7 20. Rc2 Qd7 21. Rf2 Nc6 22.
h4 Nd4 23. Bxd4 Bxd4 24. Nxd4 cxd4 25. Rh2 fxe4 26. Nxe4 Bxe4 27. dxe4 Rxf4 28.
Qxd4 Rbf8 29. h5 e5 30. Qd3 Qa7+ 31. Kh1 Rf1+ 32. Kg2 Qg1+ 0-1

[Event "Druzynowe Mistrzostw Polski Juniorow - II Liga"]
[Site "Wroclaw"]
[Date "1899-12-30"]
[Round "4.28"]
[White "Karaszewski, Gabriel"]
[Black "Bombinski, Michal"]
[Result "1-0"]
[WhiteTitle "II"]
[BlackTitle "II"]
[WhiteElo "1560"]
[BlackElo "1168"]

1. e4 c5 2. Nf3 d6 3. d4 cxd4 4. Nxd4 Nf6 5. f3 g6 6. c4 Bg7 7. Nc3 Nbd7 8. Be3
O-O 9. Qd2 Qc7 10. Be2 a6 11. O-O Ne5 12. Rac1 Bd7 13. b3 Rac8 14. Rfd1 e6 15.
Nc2 b5 16. f4 Neg4 17. Qxd6 Qxd6 18. Rxd6 Bc6 19. e5 Ne4 20. Nxe4 Nxe3 21. Nxe3
Bxe4 22. Rxa6 Rfd8 23. Rd1 Rxd1+ 24. Nxd1 b4 25. Nf2 Bb1 26. Bd3 Bxd3 27. Nxd3
Bf8 28. Kf2 Bc5+ 29. Nxc5 Rxc5 30. Ra4 Kf8 31. Rxb4 Ke7 32. Rb7+ 1-0

[Event "Druzynowe Mistrzostw Polski Juniorow - II Liga"]
[Site "Wroclaw"]
[Date "1899-12-30"]
[Round "4.29"]
[White "Kicinska, Magdalena"]
[Black "Szachniewicz, Weronika"]
[Result "1-0"]
[WhiteTitle "I++"]
[BlackTitle "I"]
[WhiteElo "1440"]
[BlackElo "1305"]

1. d4 Nf6 2. Nf3 e6 3. Bg5 c5 4. e3 h6 5. Bh4 cxd4 6. exd4 Qb6 7. Qc1 Ne4 8. Bd3
d5 9. c3 g5 10. Bg3 Nxg3 11. hxg3 Bg7 12. Nbd2 Bd7 13. Nb3 Bb5 14. Bc2 Nd7 15.
a4 Bc6 16. Qd2 Qc7 17. O-O Nb6 18. Nc5 Nc4 19. Qe2 Qe7 20. b3 Nd6 21. Ne5 h5 22.
b4 Bxe5 23. Qxe5 O-O-O 24. b5 Bd7 25. Bb3 f6 26. Qe2 Qh7 27. c4 dxc4 28. Bxc4
Nxc4 29. Qxc4 Kb8 30. Nxe6 Bxe6 31. Qxe6 Rxd4 32. Rfd1 Rhd8 33. Rxd4 Rxd4 34.
Qxf6 Rd5 35. Qe6 Qd3 36. Rc1 Rd8 37. Qe7 Rd7 38. Qc5 a5 39. b6 Rd8 40. Qc7+ Ka8
41. Qc8+ Rxc8 42. Rxc8# 1-0

[Event "Druzynowe Mistrzostw Polski Juniorow - II Liga"]
[Site "Wroclaw"]
[Date "1899-12-30"]
[Round "4.30"]
[White "Miklosz, Malgorzata"]
[Black "Kicinska, Anna"]
[Result "0-1"]
[WhiteTitle "I"]
[BlackTitle "I+"]
[WhiteElo "1255"]
[BlackElo "1297"]

1. e4 c5 2. Nf3 Nc6 3. d4 cxd4 4. Nxd4 Nf6 5. Nc3 e5 6. Ndb5 d6 7. Bg5 a6 8. Na3
b5 9. Nd5 Be7 10. Bxf6 Bxf6 11. c4 b4 12. Nc2 a5 13. Qf3 Bg5 14. Rd1 Be6 15. c5
dxc5 16. Bb5 Bd7 17. Bxc6 Bxc6 18. Ndxb4 Qb6 19. Nxc6 Qxc6 20. Rd5 O-O 21. O-O
Rab8 22. Qc3 Rfc8 23. Na3 Qb6 24. Nc4 Qb4 25. Rfd1 h6 26. h3 a4 27. R1d3 Bf4 28.
g3 Bg5 29. Kg2 Rc6 30. a3 Qxc3 31. Rxc3 Bf6 32. Rc2 Rb5 33. Nxe5 Re6 34. f4 Bxe5
35. fxe5 Reb6 36. Rdd2 Kf8 37. Kf3 Ke7 38. h4 Ke6 39. Kf4 g6 40. g4 Rb8 41. g5
h5 42. Re2 Rd8 43. Red2 Rdb8 44. Re2 Rb3 45. Rxc5 Rh3 46. Rc6+ Kd7 47. Rd6+ Ke7
48. Re3 Rxh4+ 49. Kf3 Rxb2 50. Rdd3 Rh3+ 51. Kf4 Rf2+ 52. Rf3 Rhxf3+ 53. Rxf3
Rxf3+ 54. Kxf3 Ke6 55. Kf4 h4 56. Kg4 Kxe5 57. Kxh4 Kxe4 58. Kg4 Ke5 59. Kg3 Kf5
60. Kh4 Kf4 61. Kh3 Kxg5 62. Kg3 f5 63. Kf3 Kh4 64. Kf2 g5 65. Kf3 Kh3 66. Kf2
g4 67. Kg1 f4 68. Kh1 Kg3 69. Kg1 f3 70. Kf1 f2 71. Ke2 Kg2 0-1

[Event "Druzynowe Mistrzostw Polski Juniorow - II Liga"]
[Site "Wroclaw"]
[Date "1899-12-30"]
[Round "4.31"]
[White "Wnek, Filip"]
[Black "Owoc, Jakub"]
[Result "0-1"]
[WhiteTitle "I++"]
[BlackTitle "I"]
[WhiteElo "2032"]
[BlackElo "1756"]

1. e4 c6 2. d4 d5 3. e5 Bf5 4. Ne2 e6 5. Ng3 Bg6 6. h4 h6 7. h5 Bh7 8. Bd3 Bxd3
9. Qxd3 c5 10. dxc5 Bxc5 11. Nc3 Nc6 12. Bf4 a6 13. Nce2 Qc7 14. O-O Nxe5 15.
Qb3 Ne7 16. c3 Bd6 17. Rad1 O-O 18. Kh1 Nc4 19. Bxd6 Nxd6 20. Qb4 Nef5 21. Qf4
Rac8 22. Rd3 Qe7 23. Nxf5 Nxf5 24. Nd4 Nxd4 25. Rxd4 Rc6 26. Re1 Qc7 27. Qh4 Rc8
28. Re3 Rc4 29. Rg3 Qe5 30. Kh2 Kh7 31. Qg4 Rxd4 32. cxd4 Qg5 33. Qf3 Qh4+ 34.
Rh3 Qf6 35. Qd3+ Kg8 36. Qd2 Rc4 37. Rd3 Qh4+ 38. Kg1 Qxh5 39. b3 Rc6 40. Rc3
Qg5 41. f4 Qd8 42. Rxc6 bxc6 43. Qc3 Qc7 44. g3 f6 45. Kf2 g5 46. Kf3 Kg7 47.
b4 h5 48. fxg5 fxg5 49. Qe3 Qe7 50. Kg2 Kg6 51. Qd3+ Kh6 52. a3 h4 53. Qe3 hxg3
54. Kxg3 Qf6 55. Kg2 Qf5 56. Qc3 Qe4+ 57. Kf1 g4 58. Qxc6 g3 59. Qe8 Qf3+ 60.
Ke1 Qf2+ 61. Kd1 Qxd4+ 62. Kc1 Qf6 63. Qb8 e5 64. Qc8 Kg5 65. Qg8+ Kf4 66. Qxd5
e4 67. Qc5 Kf3 68. Qc2 Qa1+ 69. Kd2 Qd4+ 70. Kc1 g2 0-1

[Event "Druzynowe Mistrzostw Polski Juniorow - II Liga"]
[Site "Wroclaw"]
[Date "1899-12-30"]
[Round "4.32"]
[White "Krupinski, Mikolaj"]
[Black "Rainer, Piotr"]
[Result "1-0"]
[WhiteTitle "I"]
[BlackTitle "I"]
[WhiteElo "1747"]
[BlackElo "1709"]

1. e4 c5 2. g3 Nc6 3. Bg2 e6 4. Ne2 Nf6 5. O-O d5 6. exd5 exd5 7. d4 cxd4 8. Nxd4
Be7 9. Bf4 Nxd4 10. Qxd4 O-O 11. Nc3 Be6 12. Rad1 Qc8 13. Nxd5 Nxd5 14. Bxd5 Bf6
15. Bxe6 Qxe6 16. Qd5 Qa6 17. Qb3 Rac8 18. Rd7 Qe2 19. Bd6 Rfe8 20. Rxf7 Kh8 21.
Rc7 Rcd8 22. Bf4 Re4 23. Rxb7 Qg4 24. Bc7 Rde8 25. Rb8 Bd4 26. Rxe8+ Rxe8 27.
Qf7 Qe2 28. Ba5 Qb5 29. Bc3 Bxc3 30. bxc3 Qe2 31. Qxa7 Qxc2 32. Qa5 h6 33. a4
Rc8 34. Qb4 Rxc3 35. a5 Rb3 36. Qd6 Rb1 37. Qf8+ Kh7 38. Rxb1 Qxb1+ 39. Kg2 Qe4+
40. Qf3 Qa4 41. Qd3+ Kh8 42. a6 Qc6+ 43. Kf1 Qc1+ 44. Kg2 Qc6+ 45. Kg1 Qc1+ 46.
Qf1 Qa3 47. h3 Qa5 48. Qc4 Qe1+ 49. Kg2 Qe7 50. Qc8+ Kh7 51. Qb7 1-0

[Event "Druzynowe Mistrzostw Polski Juniorow - II Liga"]
[Site "Wroclaw"]
[Date "1899-12-30"]
[Round "4.33"]
[White "Micula, Jakub"]
[Black "Piatek, Szymon"]
[Result "1-0"]
[WhiteTitle "I"]
[BlackTitle "II"]
[WhiteElo "1623"]
[BlackElo "1322"]

1. e4 c5 2. Nf3 g6 3. d4 cxd4 4. Qxd4 Nf6 5. Bb5 a6 6. e5 axb5 7. exf6 exf6 8.
O-O Nc6 9. Re1+ Be7 10. Qxf6 O-O 11. Qf4 Bf6 12. Nc3 Bg7 13. Nxb5 d5 14. c3 Qb6
15. a4 Be6 16. Be3 Qd8 17. Bc5 Re8 18. Nc7 Qb8 19. Bd6 Rd8 20. Nxa8 Qxd6 21. Qxd6
Rxd6 22. Nc7 Na5 23. Ne8 Rd8 24. Nxg7 Kxg7 25. Nd4 Kf6 26. b3 Rc8 27. Re3 Nc6
28. Rd1 Nxd4 29. Rxd4 Ra8 30. Rb4 Ra7 31. Rb5 Bd7 32. Rxd5 b5 33. Red3 Ke6 34.
Rxd7 Rxd7 35. Rxd7 Kxd7 36. axb5 Kc7 37. c4 Kb7 38. c5 Kc7 39. f4 Kb7 40. f5 g5
41. b4 Kc7 42. b6+ Kc6 43. b5+ Kb7 44. Kf2 f6 45. Ke3 h5 46. Kd4 h4 47. g4 h3
48. Kd5 Kc8 49. c6 Kb8 50. b7 1-0

[Event "Druzynowe Mistrzostw Polski Juniorow - II Liga"]
[Site "Wroclaw"]
[Date "1899-12-30"]
[Round "4.34"]
[White "Gruca, Karol"]
[Black "Kozak, Karol"]
[Result "1/2-1/2"]
[WhiteTitle "II"]
[BlackTitle "I"]
[WhiteElo "1346"]
[BlackElo "1490"]

1. c4 e5 2. Nc3 Nf6 3. g3 d5 4. cxd5 Nxd5 5. Bg2 Nb6 6. Nf3 Nc6 7. d3 Be6 8. Be3
Be7 9. Rc1 O-O 10. O-O Qd7 11. a3 Bh3 12. Ne4 Bxg2 13. Kxg2 Rad8 14. Nc5 Bxc5
15. Bxc5 Rfe8 16. Qc2 Re6 17. b4 Nd5 18. b5 Nd4 19. Bxd4 exd4 20. Kg1 Rh6 21.
h4 Qxb5 22. Nxd4 Qd7 23. e4 Nf4 24. Nf5 Rc6 25. Qb2 Ne6 26. Qxb7 Rxc1 27. Rxc1
Qxd3 28. Qxa7 Qxe4 29. Ne3 h6 30. Qa5 Rb8 31. Qd5 Qa4 32. Nc4 Rd8 33. Qa5 Qc6
34. Qc3 Rd4 35. Ne3 Qf3 36. Qc6 Qf6 37. Qc3 Qd8 38. Qb2 Rd6 39. Qb3 Nd4 40. Qb2
Ne6 41. Qb3 Rd2 42. Rc2 Rd6 43. Qb2 Qa8 44. Rc1 Rb6 45. Qa1 Rb3 46. Rc3 Rb5 47.
a4 Ra5 48. Rc4 Qb7 49. Rc3 Rb5 50. Rc2 Nd4 1/2-1/2

[Event "Druzynowe Mistrzostw Polski Juniorow - II Liga"]
[Site "Wroclaw"]
[Date "1899-12-30"]
[Round "4.35"]
[White "Nowak, Zuzanna"]
[Black "Szopa, Emilia"]
[Result "0-1"]
[WhiteTitle "I+"]
[BlackTitle "I++"]
[WhiteElo "1389"]
[BlackElo "1816"]

1. e4 d6 2. d4 Nf6 3. Nc3 e5 4. dxe5 dxe5 5. Qxd8+ Kxd8 6. Bg5 Be6 7. O-O-O Bd6
8. f4 Ke8 9. f5 Bc8 10. Bxf6 gxf6 11. Nd5 Nd7 12. Ne2 c6 13. Ne3 Bc5 14. Nc4 a5
15. a4 Ke7 16. Nc3 Rg8 17. g3 b6 18. Kb1 Ba6 19. Rd2 Rgd8 20. g4 Bd4 21. Nd1 Nc5
22. b3 Nxe4 23. Rg2 Bc5 24. Ndb2 Nf2 25. Rhg1 Nh3 26. Rh1 Nf2 27. Rhg1 Nd1 28.
Rh1 Nc3+ 29. Kc1 Na2+ 30. Kb1 Nc3+ 31. Kc1 b5 32. axb5 cxb5 33. Nd2 Be3 34. Bd3
Bb7 0-1

[Event "Druzynowe Mistrzostw Polski Juniorow - II Liga"]
[Site "Wroclaw"]
[Date "1899-12-30"]
[Round "4.36"]
[White "Pajak, Patrycja"]
[Black "Nowak, Emilia"]
[Result "1-0"]
[WhiteTitle "I"]
[BlackTitle "I"]
[WhiteElo "1078"]
[BlackElo "1279"]

1. e4 e5 2. Nc3 Nf6 3. f4 d5 4. fxe5 Nxe4 5. Qf3 Nxc3 6. dxc3 Be6 7. Bf4 Nd7 8.
O-O-O c6 9. Ne2 Qc7 10. Qg3 g6 11. Nd4 O-O-O 12. Bd3 Bg7 13. Rde1 Rde8 14. Rhf1
h6 15. h4 Rhg8 16. Qe3 Bg4 17. Bxh6 Rxe5 18. Qd2 Rxe1+ 19. Rxe1 Bxh6 20. Qxh6
Qg3 21. Qe3 Qxh4 22. g3 Qd8 23. Qf4 Bf5 24. Nxc6 1-0

[Event "Druzynowe Mistrzostw Polski Juniorow - II Liga"]
[Site "Wroclaw"]
[Date "1899-12-30"]
[Round "4.37"]
[White "May, Jakub"]
[Black "Jedrusik, Adam"]
[Result "1-0"]
[WhiteTitle "II"]
[BlackTitle "I++"]
[WhiteElo "1271"]
[BlackElo "1960"]

1. e4 c6 2. d4 d5 3. e5 Bf5 4. h4 Qb6 5. g4 Bd7 6. Nc3 h5 7. g5 Bf5 8. Bh3 Bxh3
9. Nxh3 e6 10. g6 f6 11. O-O Nd7 12. exf6 Ngxf6 13. Ng5 O-O-O 14. Nf7 Bb4 15.
Nxh8 Rxh8 16. Bf4 Rf8 17. Bg3 Bxc3 18. bxc3 Ne4 19. Qd3 Ndf6 20. a4 Qa5 21. Ra3
Ng4 22. Rb1 Ngxf2 23. Bxf2 Rxf2 24. Rab3 Qd8 25. Qh3 Qf6 26. Qd3 Qd8 27. Qh3 Qf6
1-0

[Event "Druzynowe Mistrzostw Polski Juniorow - II Liga"]
[Site "Wroclaw"]
[Date "1899-12-30"]
[Round "4.38"]
[White "Smetek, Michal"]
[Black "Rychlik, Michal"]
[Result "1-0"]
[WhiteTitle "I+"]
[BlackTitle "II"]
[WhiteElo "1735"]
[BlackElo "1354"]

1. d4 d5 2. c4 c6 3. Nf3 Nf6 4. Nc3 dxc4 5. a4 e6 6. e3 c5 7. Bxc4 cxd4 8. exd4
Nc6 9. O-O Be7 10. Be3 Nb4 11. Qe2 O-O 12. Rfd1 Nfd5 13. Rac1 b6 14. a5 bxa5 15.
Ne4 Bb7 16. Nc5 Bxc5 17. dxc5 Bc6 18. Ne5 Qc7 19. Bd4 Kh8 20. Nxc6 Nxc6 21. Bxd5
exd5 22. Qg4 Rg8 23. Rc3 Qc8 24. Qh5 Nxd4 25. Rxd4 Qb7 26. Rh3 h6 27. Qg5 f6 28.
Rxh6+ gxh6 29. Qxh6+ Qh7 30. Qxf6+ Rg7 31. Rh4 1-0

[Event "Druzynowe Mistrzostw Polski Juniorow - II Liga"]
[Site "Wroclaw"]
[Date "1899-12-30"]
[Round "4.39"]
[White "Kolendo, Tymon"]
[Black "Leszczewicz, Karol"]
[Result "0-1"]
[WhiteTitle "III"]
[BlackTitle "I+"]
[WhiteElo "1126"]
[BlackElo "1519"]

1. d4 Nf6 2. c4 c5 3. d5 b5 4. cxb5 a6 5. b6 e6 6. Nc3 Nxd5 7. Nxd5 exd5 8. Qxd5
Nc6 9. e4 Be7 10. Bc4 O-O 11. Nf3 Rb8 12. O-O Rxb6 13. Qh5 h6 14. g4 Na5 15. Bd5
Bb7 16. Bd2 Nc6 17. g5 hxg5 18. Bxg5 Nd4 19. Bxe7 Nxf3+ 20. Qxf3 Qxe7 21. b3 Bxd5
22. exd5 Rf6 23. Qe3 Qxe3 24. fxe3 Rg6+ 25. Kf2 Re8 26. Rad1 d6 27. Rg1 Rf6+ 28.
Ke2 Rh6 29. Rg2 Rh3 30. Rd3 Re5 31. Kd2 Reh5 32. a3 Rxh2 33. Rxh2 Rxh2+ 34. Kc3
g5 35. Rd1 Rh3 36. Kd3 f5 37. Kd2 Kf7 38. Rf1 Kf6 39. b4 cxb4 40. axb4 Ke5 41.
Ra1 Ke4 42. Rxa6 Rh2+ 43. Kd1 g4 44. Rxd6 g3 45. Rg6 g2 46. d6 Rh1+ 47. Kc2 0-1

[Event "Druzynowe Mistrzostw Polski Juniorow - II Liga"]
[Site "Wroclaw"]
[Date "1899-12-30"]
[Round "4.41"]
[White "Lazniewska, Zofia"]
[Black "Pastuszko, Katarzyna"]
[Result "1-0"]
[WhiteTitle "I+"]
[BlackTitle "I++"]
[WhiteElo "1561"]
[BlackElo "1285"]

1. e4 e5 2. Nf3 Nc6 3. Nc3 Nf6 4. d4 exd4 5. Nxd4 Bc5 6. Nxc6 bxc6 7. Bd3 h6 8.
O-O O-O 9. h3 d5 10. exd5 cxd5 11. Qf3 c6 12. Bf4 Bd6 13. Bxd6 Qxd6 14. Rfe1 Be6
15. Ne2 Rad8 16. Nd4 c5 17. Nf5 Bxf5 18. Bxf5 c4 19. c3 Rb8 20. Rab1 Rb6 21. Bc2
Rfb8 22. Re2 d4 23. cxd4 Qxd4 24. b3 c3 25. Rd1 Qc5 26. Re3 Rc6 27. Red3 Rcc8
28. Rd6 Re8 29. Rc6 Rec8 30. Rcd6 Re8 31. Rc6 1-0

[Event "Druzynowe Mistrzostw Polski Juniorow - II Liga"]
[Site "Wroclaw"]
[Date "1899-12-30"]
[Round "4.42"]
[White "Malicka, Magdalena"]
[Black "Michalska, Lena"]
[Result "0-1"]
[WhiteTitle "I"]
[BlackTitle "I"]
[WhiteElo "1271"]
[BlackElo "1324"]

1. e4 g6 2. d4 Bg7 3. Nf3 c6 4. Bd3 d5 5. exd5 cxd5 6. c3 Bg4 7. O-O Nf6 8. h3
Bxf3 9. Qxf3 O-O 10. Nd2 Nc6 11. Re1 e6 12. Nb3 Nd7 13. Bf4 b6 14. Bd6 Re8 15.
Bb5 Rc8 16. Ba6 Ndb8 17. Bxc8 Qxd6 18. Bb7 Ne7 19. Qd3 a5 20. Ba6 Rd8 21. Bb5
Qc7 22. Qf3 Nf5 23. Bd3 Nd6 24. Qg3 a4 25. Nd2 b5 26. a3 Nd7 27. Rac1 Nb6 28.
b3 Qa7 29. Rb1 axb3 30. Rxb3 Nbc4 31. Rd1 Bf8 32. Qg5 Ra8 33. Nf3 Qa4 34. Bxc4
bxc4 35. Rbb1 Ne4 36. Qe3 Qa5 37. Rdc1 Bxa3 38. Ra1 Bf8 39. Rab1 Ba3 40. Ra1 0-1

[Event "Druzynowe Mistrzostw Polski Juniorow - II Liga"]
[Site "Wroclaw"]
[Date "1899-12-30"]
[Round "4.43"]
[White "Zabron, Maksym"]
[Black "Malinowski, Szymon"]
[Result "1/2-1/2"]
[WhiteTitle "I++"]
[BlackTitle "I"]
[WhiteElo "1947"]
[BlackElo "1824"]

1. d4 d5 2. c4 e6 3. Nc3 Nf6 4. cxd5 exd5 5. Bg5 Be7 6. e3 O-O 7. Bd3 c6 8. Nge2
Bg4 9. f3 Bh5 10. O-O Nbd7 11. Bh4 Re8 12. Bf2 c5 13. Rc1 c4 14. Bb1 Bg6 15. Bxg6
hxg6 16. Ng3 a6 17. e4 Nf8 18. e5 N6h7 19. f4 Ne6 20. f5 gxf5 21. Nxf5 b5 22.
Qf3 Nc7 23. h4 b4 24. Qg4 g6 25. Nh6+ Kg7 26. Be3 Rf8 27. Ne2 Qe8 28. h5 g5 29.
Ng3 Kh8 30. Rf3 f6 31. Rcf1 Qc8 32. Ngf5 Bd8 33. Qg3 Ne6 34. Ng4 Nf4 35. Bxf4
Qxf5 36. Be3 Qe6 37. exf6 Bxf6 38. Nxf6 Rxf6 39. Rxf6 Nxf6 40. Qxg5 Ne4 41. Qf5
Re8 42. Qxe6 Rxe6 43. Rf7 Nd6 44. Rf3 c3 45. bxc3 bxc3 46. Bf4 Ne4 47. Rf1 Rb6
48. g4 c2 49. Rc1 Rb2 50. Kf1 Nc3 51. Re1 Ne4 52. g5 Rb1 53. g6 Kg7 54. Be5+ Kh6
55. Bf4+ Kxh5 56. g7 Nf6 57. Bc1 Kg6 58. Ke2 Kxg7 59. Kd2 Rb4 60. Kxc2 Rxd4 61.
Bb2 Rc4+ 62. Kd3 Kf7 63. Ke4 1/2-1/2

[Event "Druzynowe Mistrzostw Polski Juniorow - II Liga"]
[Site "Wroclaw"]
[Date "1899-12-30"]
[Round "4.44"]
[White "Trzebinski, Patryk"]
[Black "Pisarek, Jan"]
[Result "0-1"]
[WhiteTitle "I++"]
[BlackTitle "I"]
[WhiteElo "1782"]
[BlackElo "1832"]

1. e4 c5 2. Nf3 e6 3. d4 cxd4 4. Nxd4 Nf6 5. Nc3 Nc6 6. Ndb5 Bb4 7. a3 Bxc3+ 8.
Nxc3 d5 9. Bd3 dxe4 10. Nxe4 Nxe4 11. Bxe4 Qxd1+ 12. Kxd1 e5 13. Re1 f6 14. Be3
Be6 15. Kc1 Kf7 16. b3 Rhd8 17. c4 Nd4 18. Kb2 Rd7 19. Rad1 g6 20. f4 Re8 21.
Rd2 b6 22. Bxd4 Rxd4 23. Rxd4 exd4 24. Kc2 Rd8 25. Kd3 h5 26. b4 f5 27. Bf3 Kf6
28. h4 Rc8 29. Bd5 Bxd5 30. cxd5 Rc3+ 31. Kxd4 Rc2 32. Re6+ Kf7 33. g3 Rd2+ 34.
Ke5 Rd3 35. Kd6 Rxa3 36. Kd7 Rxg3 37. d6 Rf3 38. Re7+ Kf8 39. Re8+ Kf7 40. Rc8
Rxf4 41. Kc7 Rc4+ 42. Kb7 Rd4 43. Kc7 Rc4+ 44. Kd8 Rxb4 45. d7 Rxh4 46. Kc7 Rd4
47. d8=Q Rxd8 48. Rxd8 Kf6 49. Kd6 h4 50. Ra8 a5 51. Ra6 h3 52. Rxb6 Kg5 53. Ke5
h2 54. Rb1 Kg4 55. Kd4 f4 56. Ke4 g5 57. Ra1 a4 58. Rh1 Kg3 59. Ra1 f3 60. Ke3
g4 61. Rb1 a3 62. Rc1 Kg2 63. Rc2+ f2 64. Rxf2+ Kg1 65. Rf4 h1=Q 66. Rxg4+ Qg2
67. Ra4 a2 68. Kd3 Qb2 69. Rg4+ Kh2 70. Ke3 a1=Q 71. Rh4+ Kg3 72. Re4 Qaa3# 73.
Kd4 0-1

[Event "Druzynowe Mistrzostw Polski Juniorow - II Liga"]
[Site "Wroclaw"]
[Date "1899-12-30"]
[Round "4.45"]
[White "Duda, Leon"]
[Black "Wons, Krystian"]
[Result "1-0"]
[WhiteTitle "I"]
[BlackTitle "II"]
[WhiteElo "1562"]
[BlackElo "1138"]

1. e4 c5 2. Nf3 Nc6 3. Bb5 d6 4. Nc3 Bg4 5. d3 g6 6. O-O Bg7 7. h3 Bd7 8. a4 Nf6
9. Be3 O-O 10. Qd2 a6 11. Bc4 Ne8 12. Bh6 Nc7 13. Bxg7 Kxg7 14. d4 cxd4 15. Nxd4
f5 16. exf5 Bxf5 17. Nxf5+ Rxf5 18. Rfe1 Ne5 19. Qd4 Qf8 20. Re4 Qf6 21. f4 Nxc4
22. Rxe7+ Kf8 23. Qxf6+ Rxf6 24. Rxc7 Nxb2 25. Rb1 Nxa4 26. Nxa4 Rxf4 27. Nb6
Re8 28. Nd7+ Kg7 29. Rbxb7 Kh6 30. Nb6 Re2 31. Rxh7+ Kg5 32. Nd5 Rff2 33. h4+
Kg4 34. Rb4+ Kg3 35. Rb3+ Kg4 36. Ne3+ Kg3 37. Nd1+ 1-0

[Event "Druzynowe Mistrzostw Polski Juniorow - II Liga"]
[Site "Wroclaw"]
[Date "1899-12-30"]
[Round "4.46"]
[White "Zalewski, Witold"]
[Black "Stanik, Szymon"]
[Result "1/2-1/2"]
[WhiteTitle "II"]
[BlackTitle "II"]
[WhiteElo "1231"]
[BlackElo "1249"]

1. e4 c5 2. Nc3 e6 3. g3 a6 4. a4 Qc7 5. d3 Nf6 6. f4 d6 7. Bg2 Be7 8. Nf3 O-O
9. O-O Nc6 10. h3 b6 11. g4 Nd7 12. f5 exf5 13. Nd5 Qd8 14. Nxe7+ Qxe7 15. exf5
Bb7 16. Bf4 Nde5 17. Nxe5 dxe5 18. Bg3 f6 19. c3 Rad8 20. Qb3+ Kh8 21. Rad1 Qc7
22. Qc2 Rf7 23. Be4 Rfd7 24. h4 b5 25. axb5 axb5 26. g5 Rd6 27. Bf2 Na5 28. Be3
c4 29. gxf6 gxf6 30. Kh2 cxd3 31. Bxd3 e4 32. Bf4 exd3 33. Rxd3 Be4 34. Rg1 Bxd3
35. Qg2 Qe7 36. Qg3 R6d7 37. Bh6 Qf7 38. Qe3 Re8 39. Bg7+ Kg8 40. Bh6+ Kh8 41.
Bg7+ Kg8 42. Bh6+ Kh8 1/2-1/2

[Event "Druzynowe Mistrzostw Polski Juniorow - II Liga"]
[Site "Wroclaw"]
[Date "1899-12-30"]
[Round "4.47"]
[White "Pisarek, Elzbieta"]
[Black "Skolska, Emilia"]
[Result "1/2-1/2"]
[WhiteTitle "I++"]
[BlackTitle "I++"]
[WhiteElo "1804"]
[BlackElo "1517"]

1. e4 e5 2. Nf3 Nc6 3. Nc3 Nf6 4. Bb5 Bb4 5. O-O O-O 6. d3 d6 7. Bg5 Bxc3 8. bxc3
h6 9. Bh4 Bg4 10. h3 Bh5 11. Re1 g5 12. Bg3 Re8 13. Qe2 a6 14. Bxc6 bxc6 15. Qe3
Kh7 16. Nh2 Qe7 17. c4 c5 18. c3 Bg6 19. h4 g4 20. Rab1 Rab8 21. Qe2 Qd7 22. f4
gxf3 23. Qxf3 Kg7 24. Rxb8 Rxb8 25. Rf1 Qe6 26. Be1 Bh5 27. Qe3 Ng4 28. Nxg4 Bxg4
29. Qf2 Rf8 30. Qg3 Kh7 31. Kh2 f5 32. exf5 Bxf5 33. Qf3 Rf7 34. h5 Kg7 35. Qg3+
Bg4 36. Rxf7+ Kxf7 37. Qf2+ Qf5 38. Kg3 Qxf2+ 39. Kxf2 Bxh5 40. Ke3 Ke6 41. d4
cxd4+ 42. cxd4 exd4+ 43. Kxd4 c5+ 44. Kc3 Be2 45. Bd2 h5 46. g3 d5 47. cxd5+ Kxd5
48. a4 Bd1 1/2-1/2

[Event "Druzynowe Mistrzostw Polski Juniorow - II Liga"]
[Site "Wroclaw"]
[Date "1899-12-30"]
[Round "4.48"]
[White "Kaczmarek, Paulina"]
[Black "Gajda, Anna"]
[Result "1-0"]
[WhiteTitle "I"]
[BlackTitle "II"]
[WhiteElo "1092"]
[BlackElo "1073"]

1. e4 e6 2. d4 d5 3. e5 c5 4. c3 Qb6 5. Nf3 Bd7 6. Bd3 Bb5 7. O-O Bxd3 8. Qxd3
cxd4 9. cxd4 Ne7 10. Nc3 Nf5 11. Be3 Be7 12. Qb5+ Nd7 13. Rac1 Qxb5 14. Nxb5 O-O
15. Rc7 Rfd8 16. Rfc1 a6 17. Nc3 Rab8 18. Ne2 Nb6 19. Bg5 Bxg5 20. Nxg5 Rf8 21.
Nf3 Rfe8 22. g4 Ne7 23. R7c2 Nc6 24. a3 Re7 25. Nd2 h6 26. f4 Kh7 27. Kg2 Rg8
28. b3 f6 29. Rc3 Nd7 30. h4 Rf7 31. Rf3 Nf8 32. Rcf1 Ng6 33. Kg3 Rgf8 34. f5
exf5 35. gxf5 Nh8 36. e6 Re7 37. Nb1 g6 38. fxg6+ Kxg6 39. Nbc3 Kg7 40. Nxd5 Rxe6
41. Nef4 Rd6 42. Nh5+ Kg6 43. Rxf6+ Rfxf6 44. Nhxf6 Nxd4 45. h5+ Kf7 46. Ne4+
Ke6 47. Nxd6 Kxd6 48. Nc3 Ke7 49. Re1+ Kd6 50. Ne4+ Kd5 51. Nf6+ Kd6 52. Rd1 Ke6
53. Rxd4 Kxf6 54. Rd6+ Kg5 55. Rd5+ Kf6 56. Kh4 Nf7 57. Rd7 b6 58. Rb7 b5 59.
Rb6+ Kg7 60. Rxa6 Ne5 61. Ra5 Nf3+ 62. Kg3 Nd4 63. a4 bxa4 64. bxa4 Ne2+ 65. Kf2
Nf4 66. Rb5 Nh3+ 67. Kg3 Ng5 68. Rxg5+ hxg5 69. Kg4 Kh6 70. a5 1-0